ELECTRICAL WORK A HANDBOOK OF TOOLS MATERIALS METHODS AND DIRECTORIES (Record no. 569237)

000 -LEADER
fixed length control field 00297nam a22001097a 4500
082 ## - DEWEY DECIMAL CLASSIFICATION NUMBER
Classification number 621.31924 NOW'E
100 ## - MAIN ENTRY--PERSONAL NAME
Personal name NOWAK, J. F
9 (RLIN) 59202
245 ## - TITLE STATEMENT
Title ELECTRICAL WORK A HANDBOOK OF TOOLS MATERIALS METHODS AND DIRECTORIES
260 ## - PUBLICATION, DISTRIBUTION, ETC.
Place of publication, distribution, etc. NEWYORK
Name of publisher, distributor, etc. D. VAN NOSTRAND
Date of publication, distribution, etc. 1949
300 ## - PHYSICAL DESCRIPTION
Extent 147P
942 ## - ADDED ENTRY ELEMENTS (KOHA)
Koha item type Book
Holdings
Withdrawn status Lost status Damaged status Not for loan Permanent Location Current Location Shelving location Date acquired Total Checkouts Full call number Barcode Date last seen Price effective from Koha item type
        College of Electrical & Mechanical Engineering (CEME) College of Electrical & Mechanical Engineering (CEME) General Stacks 07/18/2017   621.31924 NOW'E CEME-2198 06/28/2021 06/28/2021 Book
© 2023 Central Library, National University of Sciences and Technology. All Rights Reserved.